The Last Shadow Puppets Lyrics - Miracle Aligner - Statistics

General Stats
  • This quiz has been taken 81 times
  • The average score is 193 of 228
Answer Stats
Lyrics % Correct
a
100%
you
100%
and,
98%
and
98%
get
98%
Get
98%
tiger
98%
aligner,
96%
down
96%
go
96%
knees,
96%
knees
96%
miracle
96%
on,
96%
on
96%
your
96%
can
94%
I
94%
Tell
94%
tell
94%
want
94%
need,
92%
what
92%
Anything
90%
Come
90%
come
90%
the
90%
baby,
88%
baby
88%
'em,
88%
'em
88%
him
88%
Oh
88%
to
88%
find
86%
he
86%
He
86%
again
84%
blow
84%
but
84%
can't
84%
deny
84%
feet
84%
mind
84%
So
84%
tall
84%
Tonight
84%
born
82%
up
82%
was
82%
Fifty
80%
All
78%
along
78%
line
78%
something
78%
high
76%
it
76%
Or
76%
too
76%
lines
75%
Make
75%
make
75%
of
75%
those
75%
candlelight
73%
kind,
73%
needing
73%
just
71%
out
71%
realised
71%
true
71%
what's
71%
you're
71%
eyes
69%
He'll
69%
humble
69%
revved
67%
exchanges
65%
behind
63%
wish?
63%
by
61%
Cover
61%
our
61%
Simple
61%
are
59%
as
59%
creep
59%
that
59%
through
59%
moves
57%
outside
57%
stuck
57%
walk
57%
sense
55%
walls
55%
Often
53%
tune
49%
doo
43%
were
43%
maze
37%
-wop
35%
No matching quizzes found
Score Distribution
Percent of People with Each Score
Percentile by Number Answered
Your Score History
You have not taken this quiz